Hospodářské ukazatele v soustavě řízení podniku

Uložené v:
Podrobná bibliografia
Hlavný autor: Voráč, Přemysl
Médium: Kniha
Jazyk:Czech
Vydavateľské údaje: Praha Svoboda 1986
Tagy: Pridať tag
Žiadne tagy, Buďte prvý, kto otaguje tento záznam!

MARC

LEADER 00000nam a2200000 4500
001 c103320
005 20230105083742.5
041 0 |a cze 
044 |a CZ 
245 1 0 |a Hospodářské ukazatele v soustavě řízení podniku  |c Přemysl Voráč 
264 1 |a Praha  |b Svoboda  |c 1986 
300 |a 149 s. 
100 1 |a Voráč, Přemysl